Catherine, ou, La croix d'or : comédie en deux actes, mêlée de chants /

Bibliographic Details
Main Author: Brazier, Nicholas, 1783-1838
Corporate Author: Théâtre du vaudeville (Paris, France)
Other Authors: Mélesville, M., 1787-1865, Didot, Jules, 1794-1871 (Printer)
Format: Book
Language:French
Published: [Paris?] : [publisher not identified], [1835?]

MARC

Tag First Indicator Second Indicator Subfields
LEADER 00000cam a2200000Ii 4500
001 in00003724708
005 20170926150100.0
008 161024s1835 fr 000 0 fre d
035 |a (OCoLC)ocn961106361 
035 |a (OCoLC)961106361 
040 |a TXA  |b eng  |e rda  |c TXA  |d UtOrBLW 
049 |a TXAM 
090 |a PQ2201.B32  |b C35 1835 
100 1 |a Brazier, Nicholas,  |d 1783-1838.  |0 http://id.loc.gov/authorities/names/n86040218 
245 1 0 |a Catherine, ou, La croix d'or :  |b comédie en deux actes, mêlée de chants /  |c par MM. Brazier et Mélesville. 
246 3 0 |a Croix d'or 
246 1 7 |a Catherine 
246 1 |i Binder's title:  |a Comedies vaudevilles.  |n [no.] 3 
264 1 |a [Paris?] :  |b [publisher not identified],  |c [1835?] 
264 3 |a Paris :  |b Imprimerie normale de Jules Didot l'ainé 
300 |a pages [283]-310 ;  |c 27 cm 
336 |a text  |b txt  |2 rdacontent 
337 |a unmediated  |b n  |2 rdamedia 
338 |a volume  |b nc  |2 rdacarrier 
500 |a This item is number 19 in a volume of 40 theatrical plays bound together with spine title: Comedies vaudevilles, [no.] 3. 
500 |a The Cushing Library/Dawson French copy is bound with: L'ange gardien / Dupeuty et Deslandes. [Paris : Imprimerie de Ve. Dondey-Dupre, 1837]--Absent et present / M. Davrecour. [Paris : Marchant, 1837]--Contre fortune / M. Jules Cordier. [Paris : Imprimerie de Ve. Dondey-Dupre, 1838]--Capitaine Roland / Varin. [Paris? : Imp. de J.-R. Mevrel, 1834]--Trop heureuse / Ancelot. [Paris? : Imprimerie de Ve. Dondey-Dupre, 1837]--Muet de Saint-Malo / Varin. [Paris : Imprimerie de Ve. Dondey-Dupre, 1837]--Madame Basile / Lurine. [Paris : Bezou, 1834]--Tout chemin mene a Rome / Lafitte. [Paris : Barba, 1834]--Pourquoi? / Lockroy. [Paris : Imprimerie normale de Jules Didot l'aine, 1833]--Mere au bal et la fille a la maison / Theaulon. [Paris : Imprimerie normale de Jules Didot l'aine, 1826]--C'est encore du bonheur / Arnould. [Paris : Imprimerie normale de Jules Didot l'aine, 1833]--Famille de l'apothicaire / Duvert. [Paris : Barba, 1834]--Mariage extravagant / Desaugiers. [Paris : Imprimerie normale de Jules Didot l'aine, 1812?]--Maris sans femmes / Desaugiers. [Paris : Imprimerie normale de Jules Didot l'aine, 1823]--Chevilles de maitre Adam / Francis. [Paris : Boule, 1841]--Poupee / Fournier. [Paris : Imprimerie normale de Jules Didot l'aine, 1831]--Nouveau Pourceaugnac / Scribe. [Paris : Imprimerie normale de Jules Didot l'aine, 1822]--Claude Belissan / Theaulon. [Paris : Barba, 1835]--Catherine / Brazier. [Paris : Imprimerie normale de Jules Didot l'aine, 1835]--Folie Beaujon / Dupeuty. [Paris : Imprimerie de Ve. Dondey-Dupre, 1837]--Madeline la sabotiere / Bayard. [Paris? : Imprimerie de Ve. Dondey-Dupre, 1836]--Mariage sous l'empire / Ancelot. [Paris? : Imprimerie de Dondey-Dupre, 1835]--Champmesle / Ancelot. [Paris? : Imprimerie de Ve. Dondey-Dupre, 1837]--Vouloir c'est pouvoir / Ancelot. [Paris? : Imprimerie de Ve. Dondey-Dupre, 1837]--Tourlourou / Varin. [Paris? : Imprimerie de Ve. Dondey-Dupre, 1837]--Chevaliere d'Eon / Dupeuty. [Paris? : Imprimerie de Ve. Dondey-Dupre, 1837]--Anacharsis. [Paris? : Imprimerie de J.-R. Mevrel, 1835]--Pages de Bassompierre / Varin. [Paris? : Imprimerie de J.-R. Mevrel, 1835]--Diable amoureux / Xavier. [Paris? : Imprimerie de Ve. Dondey-Dupre, 1836]--Frere de Piron / Arnould. [Paris? : Imprimerie de Ve. Dondey-Dupre, 1836]--Secret de mon oncle / M. Varin. [Paris? : Imprimerie de Ve. Dondey-Dupre, 1837]--Octogenaire / Bayard. [Paris? : Imprimerie de J.-R. Mevrel, 1835]--Dame de l'empire / Ancelot. [Paris? : Imp. de Chassaignon, 1834]--Theophile / Varin. [Paris : Magasin theatral, 1834]--Grand orateur / Fournier. [Paris? : Imprimerie de Ve. Dondey-Dupre, 1837]--Reine, cardinal et page / M. Ancelot. [Paris? : Imprimerie Dondey-Dupre, 1832]--Vieille fille / Bayard. [Paris : Marchant, 1834]--A trente ans / M. Rosier. [Paris : Imprimerie de Ve. Dondey-Dupre, 1838]--Dernier de la famille / Ancelot. [Paris : Magasin theatral, 1834]--Georgette / Varin. [Paris? : Imprimerie de Dondey-Dupre, 1834]--Noviciat diplomatique / Jacques Arago. [Paris : Barba, 1834]. 
500 |a Caption title. 
500 |a "Représentée pour la première fois, à Paris, sur le théâtre national du Vaudeville, le 2 mai 1835"--Page [283]. 
500 |a Without the music; tunes indicated by title. 
500 |a Printed in double columns. 
700 1 |a Mélesville,  |c M.,  |d 1787-1865.  |0 http://id.loc.gov/authorities/names/n82131825 
700 1 |a Didot, Jules,  |d 1794-1871,  |e printer.  |0 http://id.loc.gov/authorities/names/no2003114310 
710 2 |a Théâtre du vaudeville (Paris, France)  |0 http://id.loc.gov/authorities/names/no89020534 
994 |a C0  |b TXA 
999 f f |s 4314847f-44f4-3376-9fa6-8500c70f9c37  |i 8237292f-6de7-3e50-a18b-3d762395ea00  |t 0 
952 f f |p noncirc  |a Texas A&M University  |b College Station  |c Cushing Memorial Library & Archives  |d Cushing: Dawson French (Does not check out)  |t 0  |e PQ1231.V4 C6 no. 3  |h Library of Congress classification  |i unmediated -- volume 
952 f f |a Texas A&M University  |b College Station  |c Cushing Memorial Library & Archives  |d Cushing: Dawson French (Does not check out)  |t 0  |e PQ1231.V4 C6 no. 3  |h Library of Congress classification 
998 f f |a PQ1231.V4 C6 no. 3  |t 0  |l Cushing: Dawson French (Does not check out)